| 000 | 00560nam a2200193 i 4500 | ||
|---|---|---|---|
| 001 | 38312 | ||
| 003 | ES-MaACL | ||
| 007 | t| | ||
| 008 | 030225s1984 xxk ||||1| eng d | ||
| 020 | _a0-7108-0126-2 | ||
| 100 | 1 |
_aBurkitt, Brian. _932712 |
|
| 245 | 1 | 0 |
_aRadical political economy _b: an introduction to the alternative economics / _cBrian Burkitt. |
| 250 | _a[1st ed.]. | ||
| 260 |
_aBrighton : _bWheatsheaf books, _c1984. |
||
| 300 |
_aX, 197 p. ; _c22 cm. |
||
| 500 | _aIndices. | ||
| 504 | _aBibliografía. | ||
| 852 |
_aES-MaACL _jL-9271 _bR.111098 |
||
| 999 |
_c38312 _d38312 |
||